00756nam a22002057a 4500952015100000999001700151003000900168005001700177008004100194040001300235082001800248100002900266245004500295260006000340300002200400504004900422650003800471651002900509942001200538 00102ddc40708NFICaASLbASLcGENd2021-10-14eMahbub Siddiq, Rajshahil0o910.3954 BENp112603r2021-10-14 00:00:00tC-1w2021-10-14yBKzRARE c26565d26565BDDh-ASL20231015030646.0211013s1947 ii ||||| |||| 00| 0 eng d cBDDh-ASL a910.3954bBEN1 95006aDash, Arthur Jules10aBengal District Gazetteers: Darjeeling / aCalcutta: bThe Bengal Secretariat Book Depot., c1947. a294 p. :c21 cm.  aInclude Bibliographical References and Index 093522aDistrict GazetteerszIndia  092197aDarjeeling zIndia 2ddccBK